000
00264nam a22001097a 4500
005
20251014141753.0
008
251014b |||||||| |||| 00| 0 eng d
040
_c
PK-LaNCA
082
_a
728.3704
_b
RES
245
_a
Residential buildings: a typology
942
_c
BK
999
_c
67092
_d
67092